000 00718nab a2200229u 4500
001 15041
003 HDC
007 c| |||a|c|aaaa
008 210215b20130214my ||||| |||| 00| 0 may d
040 _aHDC
245 0 _aTiga syarikat terokai pasaran halal Brunei
336 _atext
_2rdacontent
337 _acomputer
_2rdamedia
338 _aonline resource
_2rdacarrier
650 _aBrunei halal market
_915382
650 _ahalal industry
_9144
710 _aBERITA HARIAN
856 _zRequest full-text at [email protected]
942 _2lcc
942 _cNEWS
942 _kNWSC 003671
999 _c12357
_d12357